000 02437cam a22005294i 4500
003 PE-LiUPU
005 20250731173019.0
008 150623s1999 ilu r 000 0 eng d
020 _a0830815058
035 _a(Sirsi) i9780830815050
040 _aPE-LiUPU
_bspa
_cPE-LiUPU
_erda
049 _aPRUA
082 0 4 _a230.09
_bO46
_221
100 1 _aOlson, Roger E.,
_eautor.
245 1 4 _aThe story of Christian theology :
_btwenty centuries of tradition & reform /
_cRoger E. Olson.
264 1 _aDowners Grove, Illinois :
_bInterVarsity Press,
_c1999.
300 _a652 páginas ;
_c23 centímetros
336 _atext
_2rdacontent
337 _aunmediated
_2rdamedia
338 _avolume
_2rdacarrier
505 0 _aThe opening act: conflicting christian visions in the second century. -The plot thickens: third-century tensions. -Agreat crisis rocks the church: the controversy about the trinity. -Another crisis shakes the church: the conflict over the person of Christ. -A tale of two churches: the great tradition divides between east and west.
526 _aSEG42
526 _aSEG41
526 _aSEG40
526 _aSEG39
526 _aP94
526 _aP87
526 _aP86
526 _aP85
526 _aP77
526 _aP76
526 _aP35
650 0 4 _aTeología doctrinal
_xHistoria.
942 _2ddc
_cBOOK
949 _a230.09 O46
_wDEWEY
_c1
_i54213
_lCCODEBUL1
_mBUL
_r0
_sY
_tBOOK
_u2015-6-24
_xTEOLOGIA
_PP35
_0COMPRA
_o.STAFF. Colección General
949 _a230.09 O46
_wDEWEY
_c2
_i47400
_lCCODEBUL1
_mBUL
_r0
_sY
_tBOOK
_u2015-6-24
_xTEOLOGIA
_PP35
_0COMPRA
_o.STAFF. Colección General
949 _a230.09 O46
_wDEWEY
_c3
_i73127
_lCCODEBUL1
_mBUL
_p20.00
_r0
_sY
_tBOOK
_u2016-5-26
_xTEOLOGIA
_PP85
_0COMPRA
_o.STAFF. Posgrado
994 _aC0
_bPEPRU
596 _a1
999 _a230.09 O46
_wDEWEY
_c23955
_i54213
_f2021-11-9
_g6
_lCCODEBUL1
_mBUL
_r0
_sY
_tBOOK
_u2015-6-24
_xTEOLOGIA
_PP35
_0COMPRA
_o.STAFF. Colección General
_d23955
999 _a230.09 O46
_wDEWEY
_c2
_i47400
_f2021-11-9
_g6
_lCCODEBUL1
_mBUL
_r0
_sY
_tBOOK
_u2015-6-24
_xTEOLOGIA
_PP35
_0COMPRA
_o.STAFF. Colección General
999 _a230.09 O46
_wDEWEY
_c3
_i73127
_d2018-12-28
_f2021-11-9
_g6
_lCCODEBUL1
_mBUL
_p20.00
_q2
_r0
_sY
_tBOOK
_u2016-5-26
_xTEOLOGIA
_PP85
_0COMPRA
_o.STAFF. Posgrado
980 _81
_gALBERTO SANCHEZ Responsable de Automatización